[Event "2. Bundesliga Ost 2009/2010"]
[Site "17+18.10Zwettl14+15.11Poechlarn"]
[Date "2010.04.17"]
[Round "10"]
[Board "3"]
[White "Vlcek, Stanislav"]
[Black "Vykydal, Frantisek"]
[Result "1/2-1/2"]
[WhiteElo "2286"]
[BlackElo "2218"]
[PlyCount "107"]
[EventDate "2009.10.17"]
[EventType "team"]
[EventRounds "11"]
[EventCountry "AUT"]
[WhiteTeam "Blackburne Nickelsdorf"]
[BlackTeam "SK Zwettl"]

1.e4 Nf6 2.e5 Nd5 3.d4 d6 4.Nf3 Bg4 5.Be2 c6 6.O-O Bxf3 7.Bxf3 dxe5 8.dxe5 e6
9.Nd2 Nd7 10.Re1 Qc7 11.Nc4 b5 12.Bxd5 cxd5 13.Nd6+ Bxd6 14.Qxd5 O-O 15.Qxd6
Qxd6 16.exd6 Rac8 17.c3 Rc6 18.a4 Ra6 19.b3 Rb8 20.Ba3 Rc6 21.Bb4 a6 22.axb5
Rxb5 23.Red1 e5 24.Ra5 Rxa5 25.Bxa5 f6 26.Bb4 Kf7 27.f3 Ke6 28.Kf2 Nf8 29.Ke3
Kd7 30.Rd5 Ne6 31.g3 Rb6 32.f4 exf4+ 33.gxf4 Nd8 34.Ba5 Rxb3 35.Bxd8 Kxd8 36.Kd4
Kd7 37.c4 Rb6 38.c5 Rb4+ 39.Kc3 Rb8 40.Rd2 Kc6 41.Kc4 a5 42.d7 Rd8 43.Rd6+ Kc7
44.Kb5 a4 45.Kxa4 Rxd7 46.Ra6 Rd2 47.Kb5 Rb2+ 48.Kc4 Rxh2 49.Ra7+ Kc6 50.Rxg7
Rh4 51.Kd3 Rxf4 52.Rxh7 Kxc5 53.Ke3 Rf1 54.Rd7

[Event "2. Bundesliga Ost 2009/2010"]
[Site "17+18.10Zwettl14+15.11Poechlarn"]
[Date "2010.04.17"]
[Round "10"]
[Board "4"]
[White "Wagner, Stefan"]
[Black "Koffler, Daniel"]
[Result "1/2-1/2"]
[WhiteElo "2158"]
[BlackElo "2236"]
[PlyCount "53"]
[EventDate "2009.10.17"]
[EventType "team"]
[EventRounds "11"]
[EventCountry "AUT"]
[WhiteTeam "SK Zwettl"]
[BlackTeam "Blackburne Nickelsdorf"]

1.c4 Nf6 2.g3 e5 3.Bg2 c6 4.d4 exd4 5.Qxd4 d5 6.cxd5 cxd5 7.Nf3 Nc6 8.Qa4 Be7
9.O-O O-O 10.Nc3 Be6 11.Rd1 Qb6 12.Qb5 Bc5 13.Qxb6 Bxb6 14.Ne1 Rfe8 15.Bg5 Ng4
16.Nd3 h6 17.Bf4 Rad8 18.h3 Nf6 19.Nb5 a6 20.Bc7 Bxc7 21.Nxc7 Re7 22.Nxe6 Rxe6
23.Kf1 Ne7 24.Rac1 Rc6 25.Ne5 Rcc8 26.e3 Kf8 27.Ke2

[Event "2. Bundesliga Ost 2009/2010"]
[Site "17+18.10Zwettl14+15.11Poechlarn"]
[Date "2010.04.17"]
[Round "10"]
[Board "5"]
[White "Bachofner, Andreas"]
[Black "Stadler, Peter"]
[Result "1-0"]
[WhiteElo "2229"]
[BlackElo "2169"]
[PlyCount "93"]
[EventDate "2009.10.17"]
[EventType "team"]
[EventRounds "11"]
[EventCountry "AUT"]
[WhiteTeam "Blackburne Nickelsdorf"]
[BlackTeam "SK Zwettl"]

1.Nf3 Nf6 2.b3 g6 3.Bb2 Bg7 4.e3 O-O 5.c4 d6 6.d4 Nc6 7.d5 Nb8 8.Be2 c6 9.dxc6
Nxc6 10.O-O Bd7 11.Nc3 Ne4 12.Nd4 Nxd4 13.exd4 Nxc3 14.Bxc3 a6 15.Bf3 Qc7 16.Re1
e6 17.Qd2 Rac8 18.Rac1 Rfd8 19.a4 b6 20.Bb4 Qb8 21.a5 b5 22.c5 dxc5 23.Bxc5 Bf8
24.Bxf8 Rxc1 25.Rxc1 Rxf8 26.g3 Rc8 27.Rc5 Qd6 28.Rxc8+ Bxc8 29.Qc3 Qd7 30.Qc5
Bb7 31.Bxb7 Qxb7 32.Qb6 Qe4 33.Qb8+ Kg7 34.Qe5+ Qxe5 35.dxe5 Kf8 36.f4 Ke7
37.Kf2 Kd7 38.Ke3 Kc6 39.Kd4 h6 40.g4 b4 41.Kc4 g5 42.fxg5 hxg5 43.h3 f5 44.exf6
Kd6 45.Kd4 e5+ 46.Ke4 Ke6 47.f7

[Event "2. Bundesliga Ost 2009/2010"]
[Site "17+18.10Zwettl14+15.11Poechlarn"]
[Date "2010.04.17"]
[Round "10"]
[Board "6"]
[White "Lipp, Alfred"]
[Black "Steinert, Martin"]
[Result "1-0"]
[WhiteElo "2106"]
[BlackElo "2127"]
[PlyCount "87"]
[EventDate "2009.10.17"]
[EventType "team"]
[EventRounds "11"]
[EventCountry "AUT"]
[WhiteTeam "SK Zwettl"]
[BlackTeam "Blackburne Nickelsdorf"]

1.d4 Nf6 2.c4 g6 3.Nc3 Bg7 4.e4 d6 5.Be2 Nc6 6.Nf3 O-O 7.d5 Nb8 8.O-O e5 9.Ne1
c5 10.a3 Ne8 11.b4 Nd7 12.Nd3 b6 13.Rb1 f5 14.f3 f4 15.Qa4 Ndf6 16.Bd2 Bd7
17.Qb3 Nh5 18.Rb2 Qh4 19.Rfb1 g5 20.Nf2 Nef6 21.bxc5 dxc5 22.Be1 Ng3 23.Bd1 h5
24.Nh1 g4 25.hxg3 Qg5 26.a4 fxg3 27.Nxg3 h4 28.Nf5 g3 29.Bd2 Qh5 30.f4 Ng4
31.Nxg7 Kxg7 32.f5 h3 33.Bxg4 Qxg4 34.Qd1 Bxf5 35.exf5 Qd4+ 36.Kh1 hxg2+ 37.Kxg2
Qf2+ 38.Kh3 Qxf5+ 39.Qg4+ Qxg4+ 40.Kxg4 Rf2 41.Kxg3 Rf6 42.Ne4 Rg6+ 43.Bg5 Rh8
44.Rf1

[Event "2. Bundesliga Ost 2009/2010"]
[Site "17+18.10Zwettl14+15.11Poechlarn"]
[Date "2010.04.17"]
[Round "10"]
[Board "1"]
[White "Schroll, Gerhard"]
[Black "Videki, Sandor"]
[Result "1/2-1/2"]
[WhiteElo "2411"]
[BlackElo "2450"]
[PlyCount "61"]
[EventDate "2009.10.17"]
[EventType "team"]
[EventRounds "11"]
[EventCountry "AUT"]
[WhiteTeam "1. Wr. Neustaedter SV"]
[BlackTeam "Spg Data Technology Eichgraben/P."]

1.c4 e5 2.Nc3 Nf6 3.Nf3 Nc6 4.a3 d5 5.cxd5 Nxd5 6.Qc2 Nxc3 7.dxc3 Bd6 8.e4 O-O
9.Bc4 Kh8 10.O-O Qe7 11.Nd2 Nd8 12.Bd3 Ne6 13.Nc4 Nc5 14.Nxd6 Qxd6 15.Rd1 Qc6
16.Be3 Nxd3 17.Qxd3 Be6 18.f3 Bb3 19.Rd2 Rac8 20.Rc1 Bc4 21.Qd7 Qxd7 22.Rxd7 Be6
23.Rd2 a6 24.c4 Rfd8 25.Kf2 Rxd2+ 26.Bxd2 Rd8 27.Ke2 Kg8 28.c5 Bd7 29.Ba5 Bb5+
30.Ke1 Rd7 31.Rd1

[Event "2. Bundesliga Ost 2009/2010"]
[Site "17+18.10Zwettl14+15.11Poechlarn"]
[Date "2010.04.17"]
[Round "10"]
[Board "2"]
[White "Ganaus, Hannes"]
[Black "Lucaci, Marius"]
[Result "1/2-1/2"]
[WhiteElo "2281"]
[BlackElo "2153"]
[PlyCount "100"]
[EventDate "2009.10.17"]
[EventType "team"]
[EventRounds "11"]
[EventCountry "AUT"]
[WhiteTeam "Spg Data Technology Eichgraben/P."]
[BlackTeam "1. Wr. Neustaedter SV"]

1.d4 d5 2.c4 c6 3.Nf3 Nf6 4.Nc3 Bf5 5.Qb3 Qb6 6.c5 Qxb3 7.axb3 Nbd7 8.b4 a6 9.h3
Rc8 10.g4 Bg6 11.Bf4 h6 12.Nd2 e6 13.Nb3 Be7 14.e3 Bd8 15.Na5 Bxa5 16.Rxa5 O-O
17.Bd6 Rfe8 18.f3 e5 19.Kd2 Re6 20.Bg2 exd4 21.exd4 Rce8 22.Raa1 Re3 23.Rad1 Nf8
24.Be5 Rd3+ 25.Kc1 N6d7 26.Rxd3 Bxd3 27.Bg3 Ne6 28.Rd1 Bh7 29.Rd2 f5 30.Kd1 f4
31.Bf2 g5 32.h4 Kf7 33.h5 Nc7 34.Ne2 Ra8 35.Nc1 a5 36.bxa5 Rxa5 37.Bf1 b6
38.cxb6 Nxb6 39.Bd3 Bxd3 40.Nxd3 Nc4 41.Rc2 Ra1+ 42.Ke2 Nb5 43.Nb4 Rb1 44.Nxc6
Rxb2 45.Rxb2 Nxb2 46.Be1 Ke6 47.Bb4 Kd7 48.Ne5+ Ke6 49.Nc6 Kd7 50.Ne5+ Ke6

[Event "2. Bundesliga Ost 2009/2010"]
[Site "17+18.10Zwettl14+15.11Poechlarn"]
[Date "2010.04.17"]
[Round "10"]
[Board "3"]
[White "Todor, Razvan"]
[Black "Neumeier, Klaus"]
[Result "0-1"]
[WhiteElo "2201"]
[BlackElo "2391"]
[PlyCount "102"]
[EventDate "2009.10.17"]
[EventType "team"]
[EventRounds "11"]
[EventCountry "AUT"]
[WhiteTeam "1. Wr. Neustaedter SV"]
[BlackTeam "Spg Data Technology Eichgraben/P."]

1.e4 c5 2.c3 Nf6 3.e5 Nd5 4.d4 cxd4 5.Nf3 Nc6 6.Bc4 Nb6 7.Bb3 g6 8.Ng5 d5 9.exd6
e6 10.Qf3 f6 11.Nxe6 Bxe6 12.Bxe6 Bxd6 13.O-O Bxh2+ 14.Kxh2 Qd6+ 15.Bf4 Qxe6
16.cxd4 Qd5 17.Qxd5 Nxd5 18.Be3 O-O-O 19.Nc3 Rhe8 20.Nxd5 Rxd5 21.Rac1 Kd7
22.Rc5 Ne7 23.Rfc1 Rc8 24.g4 b6 25.R5c3 h5 26.Kg3 hxg4 27.Kxg4 Ra5 28.Rxc8 Nxc8
29.a3 Ne7 30.Kf3 Rb5 31.b4 a5 32.bxa5 Rxa5 33.Rc3 Nd5 34.Rb3 f5 35.Bc1 Ra4
36.Rd3 Rc4 37.Bd2 Rc2 38.Be3 Rb2 39.Bc1 Rb1 40.Be3 Ke6 41.Bg5 Rg1 42.Bd2 g5
43.Ke2 g4 44.Rb3 f4 45.Be1 Kf5 46.a4 f3+ 47.Kd2 Ke4 48.a5 bxa5 49.Ra3 g3 50.fxg3
Rg2+ 51.Kc1 Re2

[Event "2. Bundesliga Ost 2009/2010"]
[Site "17+18.10Zwettl14+15.11Poechlarn"]
[Date "2010.04.17"]
[Round "10"]
[Board "4"]
[White "Weissenbeck, Manuel"]
[Black "Steiner, Adam"]
[Result "1/2-1/2"]
[WhiteElo "2252"]
[BlackElo "2188"]
[PlyCount "86"]
[EventDate "2009.10.17"]
[EventType "team"]
[EventRounds "11"]
[EventCountry "AUT"]
[WhiteTeam "Spg Data Technology Eichgraben/P."]
[BlackTeam "1. Wr. Neustaedter SV"]

1.d4 Nf6 2.Nf3 c5 3.e3 cxd4 4.exd4 d5 5.Bd3 Bg4 6.h3 Bh5 7.c3 Nc6 8.Nbd2 e6
9.Qa4 Bd6 10.g4 Bg6 11.Bxg6 hxg6 12.Ne5 Bxe5 13.dxe5 Nd7 14.Nf3 Qb8 15.Bf4 b5
16.Qa6 Ncxe5 17.Nxe5 Nxe5 18.Kf1 g5 19.Bg3 Ke7 20.Re1 f6 21.Kg2 Rc8 22.h4 gxh4
23.Rxh4 Rc4 24.g5 Rxh4 25.Bxh4 Kf7 26.f4 Ng6 27.Qxe6+ Kf8 28.Bg3 Nxf4+ 29.Bxf4
Qxf4 30.Qxd5 Qg4+ 31.Kf2 Qh4+ 32.Kf1 Qh3+ 33.Qg2 Qxg2+ 34.Kxg2 Rd8 35.gxf6 Rd2+
36.Kf3 gxf6 37.Re6 Kf7 38.Ra6 Rxb2 39.Rxa7+ Ke6 40.Ra6+ Kd5 41.a4 bxa4 42.Rxa4
Rb3 43.Ra5+ Kd6

[Event "2. Bundesliga Ost 2009/2010"]
[Site "17+18.10Zwettl14+15.11Poechlarn"]
[Date "2010.04.17"]
[Round "10"]
[Board "5"]
[White "Wiedner, Robert"]
[Black "Pichler, Michael"]
[Result "1/2-1/2"]
[WhiteElo "2199"]
[BlackElo "2154"]
[PlyCount "176"]
[EventDate "2009.10.17"]
[EventType "team"]
[EventRounds "11"]
[EventCountry "AUT"]
[WhiteTeam "1. Wr. Neustaedter SV"]
[BlackTeam "Spg Data Technology Eichgraben/P."]

1.Nf3 Nf6 2.c4 e6 3.g3 d5 4.d4 Be7 5.Bg2 O-O 6.Ne5 c5 7.cxd5 cxd4 8.O-O exd5
9.Qxd4 Nc6 10.Nxc6 bxc6 11.Nc3 Be6 12.Rd1 Qa5 13.Qd2 Rfd8 14.e3 Bg4 15.Re1 Bb4
16.Qc2 Ne4 17.Bd2 Nxd2 18.Qxd2 Rab8 19.Rec1 Be7 20.Qc2 Bf6 21.h3 Be6 22.Rab1 g6
23.a3 Bg7 24.Na4 Bf5 25.e4 dxe4 26.b4 Qe5 27.g4 Be6 28.Qxe4 Ba2 29.Qxe5 Bxe5
30.Bxc6 Bxb1 31.Rxb1 Rbc8 32.Be4 Rd2 33.Rb3 Bd4 34.Rf3 Rc1+ 35.Kg2 Kg7 36.g5 Re1
37.Bd5 f5 38.gxf6+ Bxf6 39.Bb3 Bd4 40.Nc5 Bxc5 41.bxc5 Rc1 42.Rf7+ Kh6 43.Rxa7
Rxc5 44.Bg8 Rg5+ 45.Kf1 Rf5 46.Rxh7+ Kg5 47.h4+ Kg4 48.Be6 Kf3 49.Kg1 Rf6 50.Rf7
Rxf7 51.Bxf7 Rxf2 52.a4 Rg2+ 53.Kf1 Rh2 54.Ke1 Ke3 55.Kd1 Rxh4 56.Bxg6 Rxa4
57.Kc2 Rc4+ 58.Kb3 Kd4 59.Bf7 Rc6 60.Bg8 Rf6 61.Bh7 Rf2 62.Bg6 Rf3+ 63.Kb2 Rc3
64.Bf7 Kd3 65.Bg6+ Kd2 66.Bf7 Rc7 67.Bd5 Rc5 68.Bf7 Rb5+ 69.Ka2 Rb6 70.Bg8 Kc3
71.Bd5 Rd6 72.Bg8 Rd2+ 73.Kb1 Rb2+ 74.Ka1 Kc2 75.Bf7 Kc1 76.Bg8 Rh2 77.Bd5 Kc2
78.Be4+ Kc3 79.Bf5 Rh5 80.Be6 Ra5+ 81.Kb1 Rc5 82.Bf7 Kb4 83.Kb2 Rf5 84.Bg8 Rg5
85.Be6 Rg2+ 86.Kb1 Ka3 87.Bf7 Rb2+ 88.Kc1 Rc2+

[Event "2. Bundesliga Ost 2009/2010"]
[Site "17+18.10Zwettl14+15.11Poechlarn"]
[Date "2010.04.18"]
[Round "11"]
[Board "1"]
[White "Videki, Sandor"]
[Black "Wukits, Rene"]
[Result "1-0"]
[WhiteElo "2450"]
[BlackElo "2331"]
[PlyCount "50"]
[EventDate "2009.10.17"]
[EventType "team"]
[EventRounds "11"]
[EventCountry "AUT"]
[WhiteTeam "Spg Data Technology Eichgraben/P."]
[BlackTeam "SV Tschaturanga Neubau"]

1.e4 c5 2.Nf3 d6 3.Bb5+ Bd7 4.Bxd7+ Qxd7 5.c4 Nf6 6.Nc3 Nc6 7.d4 cxd4 8.Nxd4 g6
9.h3 Bg7 10.Be3 O-O 11.O-O Rac8 12.b3 Rfe8 13.Qf3 Ng4 14.Nxc6 bxc6 15.Qxg4 Qxg4
16.hxg4 Bxc3 17.Rac1 Bb4 18.Rfd1 e6 19.Rd3 Rcd8 20.Rcd1 Ra8 21.Bd2 a5 22.Bxb4
axb4 23.Rxd6 Rxa2 24.Rxc6 Rb2 25.Rd3 Ra8

[Event "2. Bundesliga Ost 2009/2010"]
[Site "17+18.10Zwettl14+15.11Poechlarn"]
[Date "2010.04.18"]
[Round "11"]
[Board "2"]
[White "Kleiser, Gregor"]
[Black "Ganaus, Hannes"]
[Result "0-1"]
[WhiteElo "2313"]
[BlackElo "2281"]
[PlyCount "110"]
[EventDate "2009.10.17"]
[EventType "team"]
[EventRounds "11"]
[EventCountry "AUT"]
[WhiteTeam "SV Tschaturanga Neubau"]
[BlackTeam "Spg Data Technology Eichgraben/P."]

1.e4 e6 2.d4 d5 3.Nc3 Bb4 4.e5 c5 5.a3 Bxc3+ 6.bxc3 Nc6 7.Nf3 Qa5 8.Bd2 c4 9.a4
Bd7 10.Qb1 Nge7 11.Be2 f6 12.O-O Qc7 13.Re1 fxe5 14.Nxe5 Nxe5 15.dxe5 O-O 16.Bf1
Ng6 17.Qd1 Nxe5 18.f4 Nf7 19.g3 Nd6 20.Be3 b6 21.Bd4 Nf5 22.Be5 Qc5+ 23.Kh1 Ne3
24.Qd2 d4 25.cxd4 Nxf1 26.Rxf1 Bc6+ 27.Kg1 Qd5 28.Kf2 Rad8 29.Ke1 a6 30.a5 b5
31.Kd1 Rc8 32.Kc1 c3 33.Qe2 b4 34.Re1 Bb5 35.Qe4 b3 36.cxb3 Qxb3 37.Qc2 Qb4
38.Re3 Rc4 39.Qa2 c2 40.Qa3 Rfc8 41.Qxb4 Rxb4 42.Rea3 h5 43.h3 Be8 44.R3a2 Bg6
45.Rb2 Rcc4 46.Raa2 Rxb2 47.Rxb2 Ra4 48.Rb8+ Kh7 49.d5 Re4 50.Bb2 Re1+ 51.Kd2
Rd1+ 52.Ke2 exd5 53.Rc8 Bd3+ 54.Kf2 Rb1 55.Ba3 Bc4

[Event "2. Bundesliga Ost 2009/2010"]
[Site "17+18.10Zwettl14+15.11Poechlarn"]
[Date "2010.04.18"]
[Round "11"]
[Board "3"]
[White "Neumeier, Klaus"]
[Black "Kreindl, Helmut"]
[Result "1/2-1/2"]
[WhiteElo "2391"]
[BlackElo "2194"]
[PlyCount "185"]
[EventDate "2009.10.17"]
[EventType "team"]
[EventRounds "11"]
[EventCountry "AUT"]
[WhiteTeam "Spg Data Technology Eichgraben/P."]
[BlackTeam "SV Tschaturanga Neubau"]

1.e4 d5 2.exd5 Qxd5 3.Nf3 Bg4 4.Be2 Nc6 5.O-O O-O-O 6.h3 Bh5 7.Nc3 Qd7 8.b4 Nf6
9.b5 Bxf3 10.Bxf3 Nd4 11.d3 e6 12.a4 Bb4 13.Bb2 Ba5 14.Nb1 Nxf3+ 15.Qxf3 Qd5
16.Qe2 Qh5 17.Qxh5 Nxh5 18.Na3 Bb6 19.Nc4 Bd4 20.Bxd4 Rxd4 21.a5 f6 22.g3 e5
23.Ne3 g6 24.Rfb1 Rhd8 25.Rb3 Ng7 26.Ng4 Ne8 27.Nh6 R8d7 28.Rc3 Kb8 29.b6 a6
30.bxc7+ Rxc7 31.Rxc7 Kxc7 32.Kf1 Rb4 33.Ke2 Kd6 34.Ng4 Ke6 35.Ne3 Nd6 36.Kd2 f5
37.Kc3 Rb5 38.Nc4 Rc5 39.Kb4 Rb5+ 40.Kc3 Nxc4 41.dxc4 Rc5 42.Rb1 Rxa5 43.Rb6+
Kd7 44.Rxb7+ Kd8 45.Rxh7 Ra3+ 46.Kd2 Rf3 47.Ke1 e4 48.Rg7 e3 49.Rxg6 Rxf2
50.Rxa6 Rg2 51.Rf6 Rxg3 52.Rxf5 Rxh3 53.Ke2 Rh2+ 54.Kd3 Rd2+ 55.Kc3 Kc7 56.Re5
Re2 57.Re6 Kd7 58.Rh6 Ke7 59.Ra6 Kd7 60.Ra2 Rd2 61.Ra1 Re2 62.Rc1 Kc6 63.Kd3 Rh2
64.Re1 Kc5 65.Rxe3 Kb4 66.c3+ Kc5 67.Re5+ Kc6 68.Re2 Rh4 69.Re4 Rh2 70.Re3 Kc5
71.Re5+ Kc6 72.Rg5 Rh4 73.Rf5 Rg4 74.Re5 Rh4 75.Ra5 Kb6 76.Ra4 Kc5 77.Rb4 Rg4
78.Rb8 Rg3+ 79.Kc2 Kxc4 80.Rb4+ Kc5 81.Kb3 Kc6 82.Rh4 Rg6 83.Ra4 Kc7 84.Kb4 Rh6
85.c4 Rg6 86.Kb5 Rh6 87.c5 Rg6 88.Ra7+ Kb8 89.Rd7 Kc8 90.Rd6 Rxd6 91.cxd6 Kd7
92.Kc5 Kd8 93.Kc6

[Event "2. Bundesliga Ost 2009/2010"]
[Site "17+18.10Zwettl14+15.11Poechlarn"]
[Date "2010.04.18"]
[Round "11"]
[Board "4"]
[White "Zsifkovits, Robert"]
[Black "Weissenbeck, Manuel"]
[Result "0-1"]
[WhiteElo "2166"]
[BlackElo "2252"]
[PlyCount "50"]
[EventDate "2009.10.17"]
[EventType "team"]
[EventRounds "11"]
[EventCountry "AUT"]
[WhiteTeam "SV Tschaturanga Neubau"]
[BlackTeam "Spg Data Technology Eichgraben/P."]

1.e4 c5 2.Nf3 d6 3.d4 cxd4 4.Nxd4 Nf6 5.Nc3 a6 6.Be3 e5 7.Nb3 Be6 8.f3 Be7 9.g4
d5 10.exd5 Nxd5 11.Nxd5 Bh4+ 12.Bf2 Bxf2+ 13.Kxf2 Bxd5 14.h4 O-O 15.c4 Qb6+
16.Kg3 Bc6 17.Bg2 Nd7 18.Re1 Rae8 19.Qd2 Qc7 20.Rad1 Re6 21.Qe3 f5 22.gxf5 Rxf5
23.Kf2 Rg6 24.Bh3 e4 25.Bxf5 Qh2+

[Event "2. Bundesliga Ost 2009/2010"]
[Site "17+18.10Zwettl14+15.11Poechlarn"]
[Date "2010.04.18"]
[Round "11"]
[Board "5"]
[White "Pichler, Michael"]
[Black "Ponjican, Erich"]
[Result "1-0"]
[WhiteElo "2154"]
[BlackElo "2170"]
[PlyCount "53"]
[EventDate "2009.10.17"]
[EventType "team"]
[EventRounds "11"]
[EventCountry "AUT"]
[WhiteTeam "Spg Data Technology Eichgraben/P."]
[BlackTeam "SV Tschaturanga Neubau"]

1.e4 Nf6 2.e5 Nd5 3.d4 d6 4.Nf3 Bg4 5.Be2 Nc6 6.c4 Nb6 7.Nbd2 e6 8.exd6 cxd6
9.h3 Bf5 10.Qb3 a5 11.d5 a4 12.Qe3 Nb4 13.Nd4 e5 14.O-O Bd7 15.a3 Na6 16.f4 Qe7
17.Nb5 Nc8 18.Ne4 f5 19.fxe5 fxe4 20.e6 Bxb5 21.cxb5 Nc5 22.Qg3 Nxe6 23.dxe6
Qxe6 24.Be3 Qg6 25.Bg4 Be7 26.Rf5 Bf6 27.Bh5

[Event "2. Bundesliga Ost 2009/2010"]
[Site "17+18.10Zwettl14+15.11Poechlarn"]
[Date "2010.04.18"]
[Round "11"]
[Board "6"]
[White "Schwaninger, Wolfgang"]
[Black "Wandl, Werner"]
[Result "1/2-1/2"]
[WhiteElo "2151"]
[BlackElo "2111"]
[PlyCount "112"]
[EventDate "2009.10.17"]
[EventType "team"]
[EventRounds "11"]
[EventCountry "AUT"]
[WhiteTeam "SV Tschaturanga Neubau"]
[BlackTeam "Spg Data Technology Eichgraben/P."]

1.d4 Nf6 2.Nf3 d5 3.g3 Bf5 4.Bg2 h6 5.Nbd2 e6 6.O-O Nbd7 7.c4 c6 8.a3 Bd6 9.b4
O-O 10.Bb2 Ne4 11.c5 Bc7 12.a4 Qe7 13.Nb3 e5 14.e3 Ng5 15.Nxg5 hxg5 16.dxe5 Nxe5
17.Bd4 Qe6 18.Bc3 Bh3 19.Qh5 Bg4 20.Qxg5 f6 21.Bxe5 fxg5 22.Bxc7 Bh3 23.Bd6 Rf6
24.Nd4 Qd7 25.b5 Rh6 26.bxc6 bxc6 27.Rab1 Bxg2 28.Kxg2 Qh3+ 29.Kf3 Qh5+ 30.g4
Rf6+ 31.Ke2 Qxg4+ 32.f3 Qc8 33.Rb4 Qa6+ 34.Kf2 Re8 35.Re1 Qd3 36.Rb3 Qc4 37.Rb7
Qxa4 38.Rc7 g4 39.f4 Qa2+ 40.Re2 Qb1 41.Rxc6 Qh1 42.f5 Re4 43.Re1 Rxf5+ 44.Nxf5
Qf3+ 45.Kg1 Qxf5 46.Rf1 Qg5 47.Rf8+ Kh7 48.Bf4 Qh4 49.Rcc8 Qe1+ 50.Kg2 Qe2+
51.Kg1 Re6 52.Rcd8 Qd1+ 53.Kf2 Qf3+ 54.Kg1 d4 55.Rh8+ Kg6 56.Rxd4 Rxe3

[Event "2. Bundesliga Ost 2009/2010"]
[Site "17+18.10Zwettl14+15.11Poechlarn"]
[Date "2010.04.18"]
[Round "11"]
[Board "1"]
[White "Blatny, Pavel"]
[Black "Schroll, Gerhard"]
[Result "1-0"]
[WhiteElo "2407"]
[BlackElo "2411"]
[PlyCount "32"]
[EventDate "2009.10.17"]
[EventType "team"]
[EventRounds "11"]
[EventCountry "AUT"]
[WhiteTeam "SK Zwettl"]
[BlackTeam "1. Wr. Neustaedter SV"]

1.d4 d5 2.Nf3 Nf6 3.Bf4 e6 4.e3 Bd6 5.Bg3 c5 6.c3 Na6 7.Nbd2 h6 8.Ne5 Qe7 9.Bd3
Bd7 10.Qc2 g6 11.Bxg6 Bxe5 12.dxe5 fxg6 13.exf6 Qxf6 14.e4 Kf7 15.Rd1 Rad8
16.O-O Nb4

[Event "2. Bundesliga Ost 2009/2010"]
[Site "17+18.10Zwettl14+15.11Poechlarn"]
[Date "2010.04.18"]
[Round "11"]
[Board "2"]
[White "Lucaci, Marius"]
[Black "Pisk, Petr"]
[Result "0-1"]
[WhiteElo "2153"]
[BlackElo "2346"]
[PlyCount "108"]
[EventDate "2009.10.17"]
[EventType "team"]
[EventRounds "11"]
[EventCountry "AUT"]
[WhiteTeam "1. Wr. Neustaedter SV"]
[BlackTeam "SK Zwettl"]

1.e4 c5 2.Nf3 Nc6 3.d4 cxd4 4.Nxd4 e5 5.Nb5 d6 6.N1c3 a6 7.Na3 b5 8.Nd5 Nge7
9.Be3 Nxd5 10.exd5 Ne7 11.c4 Nf5 12.Bd2 Qh4 13.Bd3 Be7 14.cxb5 Nd4 15.bxa6 Bg4
16.Qa4+ Bd7 17.Qa5 O-O 18.Be3 Qg4 19.Kf1 e4 20.Bc4 Nf5 21.Qd2 Nxe3+ 22.Qxe3 f5
23.Nb5 Rfc8 24.b3 Bf6 25.Re1 f4 26.Qxe4 Re8 27.h3 Qh5 28.Qf3 Rxe1+ 29.Kxe1 Qe5+
30.Qe2 Qa1+ 31.Qd1 Re8+ 32.Kd2 Qxa2+ 33.Qc2 Qa5+ 34.Nc3 Bf5 35.b4 Qxb4 36.Qb3
Qc5 37.Ne2 Qa5+ 38.Kd1 Qa1+ 39.Nc1 Qd4+ 40.Bd3 Bxd3 41.Qxd3 Qxf2 42.Rf1 Qb2
43.Rxf4 Bg5 44.Rc4 Qxg2 45.Nb3 Qf2 46.Re4 Qg1+ 47.Kc2 Qg2+ 48.Nd2 Rc8+ 49.Kd1
Bxd2 50.Rc4 Re8 51.Rg4 Qh1+ 52.Kxd2 Qe1+ 53.Kc2 Re2+ 54.Kb3 Re3

[Event "2. Bundesliga Ost 2009/2010"]
[Site "17+18.10Zwettl14+15.11Poechlarn"]
[Date "2010.04.18"]
[Round "11"]
[Board "3"]
[White "Mlynek, Petr"]
[Black "Todor, Razvan"]
[Result "1/2-1/2"]
[WhiteElo "2218"]
[BlackElo "2201"]
[PlyCount "81"]
[EventDate "2009.10.17"]
[EventType "team"]
[EventRounds "11"]
[EventCountry "AUT"]
[WhiteTeam "SK Zwettl"]
[BlackTeam "1. Wr. Neustaedter SV"]

1.d4 g6 2.Nf3 Bg7 3.g3 Nf6 4.c4 O-O 5.Bg2 d5 6.cxd5 Nxd5 7.O-O Nb6 8.Nc3 Nc6
9.e3 e5 10.d5 Na5 11.e4 c6 12.Bg5 f6 13.Be3 cxd5 14.exd5 Bg4 15.Bc5 Rf7 16.h3
Bxf3 17.Bxf3 f5 18.Rc1 Nac4 19.Be2 Rc8 20.b4 Bf8 21.Bxf8 Qxf8 22.a3 Rd7 23.Bxc4
Nxc4 24.Qa4 Qd8 25.Qxa7 Ra8 26.Qc5 Nd2 27.Rcd1 Nxf1 28.Kxf1 Rc8 29.Qe3 Qf6
30.Nb5 Qa6 31.Qe2 Qa4 32.d6 Qc2 33.Rd5 Qxe2+ 34.Kxe2 e4 35.Ke3 Kf7 36.Rc5 Rc6
37.Kd4 Ke6 38.Re5+ Kf6 39.Rc5 Ke6 40.Re5+ Kf6 41.Rc5

[Event "2. Bundesliga Ost 2009/2010"]
[Site "17+18.10Zwettl14+15.11Poechlarn"]
[Date "2010.04.18"]
[Round "11"]
[Board "4"]
[White "Steiner, Adam"]
[Black "Vykydal, Frantisek"]
[Result "0-1"]
[WhiteElo "2188"]
[BlackElo "2218"]
[PlyCount "74"]
[EventDate "2009.10.17"]
[EventType "team"]
[EventRounds "11"]
[EventCountry "AUT"]
[WhiteTeam "1. Wr. Neustaedter SV"]
[BlackTeam "SK Zwettl"]

1.e4 e5 2.Nc3 Nc6 3.f4 d6 4.Nf3 Be7 5.Bb5 exf4 6.d4 Bd7 7.Bxf4 g5 8.Be3 Nh6 9.h4
Ng4 10.Bxg5 Bxg5 11.hxg5 Qe7 12.Qd2 O-O-O 13.O-O-O Rde8 14.Rde1 Qd8 15.Qf4 f6
16.Bxc6 bxc6 17.gxf6 Qxf6 18.Qxf6 Nxf6 19.e5 Ng4 20.Rh5 h6 21.Ne4 dxe5 22.Nxe5
Nxe5 23.Rxe5 Reg8 24.Nc5 Rxg2 25.Re7 Rd8 26.Rf7 Be8 27.Rf6 Bg6 28.c3 Rg8 29.Ref1
Kd8 30.Ne6+ Ke7 31.Nf8 Bd3 32.Rf7+ Ke8 33.Nh7 Bxf1 34.Rxf1 Rg1 35.Rxg1 Rxg1+
36.Kd2 Kf7 37.Ke3 Kg7

[Event "2. Bundesliga Ost 2009/2010"]
[Site "17+18.10Zwettl14+15.11Poechlarn"]
[Date "2010.04.18"]
[Round "11"]
[Board "5"]
[White "Stadler, Peter"]
[Black "Wiedner, Robert"]
[Result "1/2-1/2"]
[WhiteElo "2169"]
[BlackElo "2199"]
[PlyCount "108"]
[EventDate "2009.10.17"]
[EventType "team"]
[EventRounds "11"]
[EventCountry "AUT"]
[WhiteTeam "SK Zwettl"]
[BlackTeam "1. Wr. Neustaedter SV"]

1.d4 Nf6 2.Nf3 e6 3.c4 b6 4.g3 Bb4+ 5.Bd2 Be7 6.Bg2 c6 7.Nc3 d5 8.b3 O-O 9.O-O
Ba6 10.cxd5 cxd5 11.Re1 Nc6 12.Bf4 Rc8 13.Rc1 Ba3 14.Rb1 Bb4 15.Bd2 Nxd4 16.Nxd4
Bxc3 17.Bxc3 Rxc3 18.Qd2 Rc8 19.Rbc1 Qd7 20.Qf4 h6 21.h4 Rxc1 22.Rxc1 Rc8
23.Rxc8+ Qxc8 24.Bf3 Ne8 25.g4 Bb7 26.g5 Qc7 27.Qd2 hxg5 28.hxg5 g6 29.Bg2 Nd6
30.Qf4 Nb5 31.Qxc7 Nxc7 32.f4 Kf8 33.Kf2 Ke7 34.e3 Kd6 35.Nf3 Bc6 36.Bf1 Kc5
37.a3 a5 38.Ne5 Be8 39.Ke1 b5 40.Nd3+ Kb6 41.Kd2 Na6 42.Kc3 Nb8 43.Ne5 Kc7
44.Be2 Kd6 45.Bf1 Na6 46.b4 a4 47.Be2 Nc7 48.Kd4 Na8 49.Bf1 Nb6 50.Bd3 Ke7
51.Bc2 Nc4 52.Nxc4 dxc4 53.Ke5 Bc6 54.e4 Bb7

[Event "2. Bundesliga Ost 2009/2010"]
[Site "17+18.10Zwettl14+15.11Poechlarn"]
[Date "2010.04.18"]
[Round "11"]
[Board "6"]
[White "Roman, Liviu-Valeriu"]
[Black "Pakosta, Miroslav"]
[Result "1/2-1/2"]
[WhiteElo "2009"]
[BlackElo "2126"]
[PlyCount "81"]
[EventDate "2009.10.17"]
[EventType "team"]
[EventRounds "11"]
[EventCountry "AUT"]
[WhiteTeam "1. Wr. Neustaedter SV"]
[BlackTeam "SK Zwettl"]

1.e4 d6 2.d4 Nf6 3.Nc3 g6 4.Be3 Bg7 5.f3 O-O 6.Qd2 e5 7.d5 Ne8 8.g4 f5 9.gxf5
gxf5 10.Bg5 Bf6 11.h4 f4 12.Bh3 Ng7 13.Bxc8 Qxc8 14.O-O-O Qe8 15.Nh3 Qh5 16.Qe2
Nd7 17.Rdg1 h6 18.Bxf6 Nxf6 19.Rg2 Qf7 20.Nf2 Nfh5 21.Ng4 Kh7 22.Qd2 Ng3 23.Rhg1
N7h5 24.Kb1 Qg7 25.a3 a6 26.Qd3 Rg8 27.Qc4 Qe7 28.Rh2 Rg6 29.Qb4 Rb8 30.Nf2 Qg7
31.Ka2 Kh8 32.Ng4 Nf6 33.Nxf6 Qxf6 34.Qc4 Rg7 35.Qd3 Rbg8 36.Qc4 Qd8 37.Re1 Nh5
38.Qe2 Rg3 39.Rf1 R8g7 40.Qf2 Qg8 41.Qa7